01657 2200337 4500001002100000005001500021035002000036008004100056245006200097100001300159250001300172260003400185300002600219020001800245084001400263520088600277082000801163650001301171863001401184990001101198990001101209990001101220990001101231990001101242990001101253990001101264990001101275990001101286990001101297990001101308INLIS00000000000334920260429101717 a0010-0621002949260429 g 0 ind 1 aFilsafat Ilmu dan Perkembangannya Di Indonesia /cTarmizi0 aSurajiyo aRevisi I aJakarta :bBumi Aksara,c2007 a170 halaman ;c23 cm. a9789790100640 a100 SUR f aFILSAFAT ILMU DAN PERKEMBANGANNYA DI INDONESIA.Filsafat ilmu sebagai cabang filsafat yang merefleksikan radikal dan integral mengenai hakikat ilmu pengetahuan itu sendiri merupakan penerusan dalam pengembangan filsafat pengetahuan (epistemologi) sebab pengetahuan ilmiah tidak lain adalah a higher level dalam perangkat pengetahuan manusia dalam arti umum sebagaimana diterapkan dalam kehidupan sehari-hari. Keberadaan buku ini akan menambah wawasan para pembaca untuk mengenal lebih jauh filsafat ilmu meliputi ilmu filsafat, filsafat pengetahuan (epistemologi) dan ruang lingkupnya . masalah ilmu pengetahuan meliputi apa itu ilmu pengetahuan, sejarah, prinsip metodologi, penemuan kebenaran,definisi dan penalaran mengenai pengembangan ilmu pengetahuan meliputi hubungan dan peranan ilmu terhadap kebudayaan nasional, etika keilmuan, dan strategi pengembangan ilmu di lndonesia. a100 4aFilsafat aCetakan I a029983 a036117 a036118 a036119 a036120 a036121 a029986 a042362 a042364 a042365 a042366